[Event "64th ch-RUS HL w 2014"]
[Site "Vladivostok RUS"]
[Date "2014.06.05"]
[Round "2.9"]
[White "Zaiatz,E"]
[Black "Ambartsumova,K"]
[Result "1-0"]
[WhiteElo "2408"]
[BlackElo "2331"]
[EventDate "2014.06.04"]

1. d4 f5 2. Nc3 Nf6 3. Bg5 d5 4. Bxf6 exf6 5. e3 Nc6 6. g3 Be6 7. Bg2 Qd7 8.
Nge2 g5 9. Na4 O-O-O 10. a3 f4 11. exf4 Bg4 12. f3 Bh3 13. Bxh3 Qxh3 14. Qd3
gxf4 15. Nxf4 Re8+ 16. Kf2 Qd7 17. Rae1 Bd6 18. Nc5 Bxc5 19. dxc5 d4 20. b4 Ne5
21. Qb3 Ng6 22. Qd5 Qa4 23. Rxe8+ Rxe8 24. Qf5+ Kb8 25. Nxg6 hxg6 26. Qxg6 Rh8
27. Qd3 a5 28. Qb3 Qb5 29. h4 Rd8 30. Qd3 1-0

[Event "64th ch-RUS HL w 2014"]
[Site "Vladivostok RUS"]
[Date "2014.06.05"]
[Round "2.10"]
[White "Maltsevskaya,Aleksandra"]
[Black "Ovod,E"]
[Result "1-0"]
[WhiteElo "2014"]
[BlackElo "2342"]
[EventDate "2014.06.04"]

1. e4 e5 2. Nf3 Nc6 3. Bb5 a6 4. Ba4 Nge7 5. c3 g6 6. O-O Bg7 7. d4 exd4 8. cxd4
b5 9. Bb3 O-O 10. Nc3 Na5 11. Bg5 Nxb3 12. Qxb3 h6 13. Bxe7 Qxe7 14. Nd5 Qd8 15.
e5 d6 16. Nb4 c5 17. dxc5 dxc5 18. Rad1 Qc7 19. Nd5 Qb7 20. Qe3 Be6 21. Nf6+ Kh8
22. Nd2 Qc7 23. b3 Rfd8 24. f4 c4 25. bxc4 Bf8 26. Nde4 Bxc4 27. Rxd8 Rxd8 28.
Rc1 Qe7 29. h4 Qa3 30. Rc3 Rd1+ 31. Kh2 Qxa2 32. h5 Qb1 33. Nf2 Rf1 34. hxg6 Qe1
35. g7+ Bxg7 36. Qc5 Bxf6 37. Qf8+ Kh7 38. exf6 Kg6 39. Rg3+ Kxf6 40. Ng4+ Ke6
41. Re3+ Qxe3 42. Nxe3 Rxf4 43. Qc8+ Kf6 44. Qxa6+ Kg7 45. Kg3 Rf6 46. Qa1 Kg6
47. Ng4 Re6 48. Qh8 Kh5 49. Qd8 Kg6 50. Qg8+ Kh5 51. Nf6+ 1-0

[Event "64th ch-RUS HL w 2014"]
[Site "Vladivostok RUS"]
[Date "2014.06.05"]
[Round "2.11"]
[White "Savina,A"]
[Black "Shaydullina,S"]
[Result "1-0"]
[WhiteElo "2397"]
[BlackElo "2135"]
[EventDate "2014.06.04"]

1. d4 d5 2. c4 c6 3. Nc3 Nf6 4. e3 e6 5. Nf3 Nbd7 6. Qc2 b6 7. Bd3 Bb7 8. O-O
Be7 9. b3 O-O 10. Bb2 Rc8 11. Rad1 h6 12. Qe2 Qc7 13. Ne5 Nxe5 14. dxe5 Nd7 15.
f4 Nc5 16. Bb1 dxc4 17. bxc4 Rcd8 18. Qc2 g6 19. Rd4 Rd7 20. Ne2 Rfd8 21. Ng3 b5
22. f5 exf5 23. Nxf5 Bf8 24. Nd6 Bg7 25. Nxf7 Rxf7 26. Rxf7 Qxf7 27. Rxd8+ Kh7
28. Rd6 bxc4 29. Rxg6 Nd3 30. Rxg7+ Qxg7 31. Qxc4 c5 32. Qxd3+ Kg8 33. Qd8+ Qf8
34. Bh7+ 1-0

[Event "64th ch-RUS HL w 2014"]
[Site "Vladivostok RUS"]
[Date "2014.06.05"]
[Round "2.12"]
[White "Khlichkova,T"]
[Black "Kostitsina,L"]
[Result "1-0"]
[WhiteElo "2249"]
[BlackElo "2101"]
[EventDate "2014.06.04"]

1. d4 d5 2. c4 c6 3. Nf3 Nf6 4. e3 Bg4 5. Qb3 Qb6 6. Ne5 Bf5 7. Nc3 e6 8. c5 Qc7
9. Qa3 Nbd7 10. f4 Be7 11. b4 Ne4 12. Nxd7 Qxd7 13. Be2 O-O 14. O-O f6 15. Qb2
b6 16. Ba6 bxc5 17. Nxe4 Bxe4 18. bxc5 Rab8 19. Qc3 Bd8 20. Bb2 Qc7 21. Qc1 Qa5
22. Be2 Qa4 23. Bc3 Ba5 24. Bd1 Qb5 25. a4 Qa6 26. Bxa5 Qxa5 27. Bc2 Bxc2 28.
Qxc2 Rf7 29. Rab1 Rfb7 30. Rxb7 Rxb7 31. f5 e5 32. dxe5 fxe5 33. e4 Qb4 34. exd5
Qd4+ 35. Kh1 cxd5 36. c6 Rc7 37. Qb3 Kf7 38. Rd1 Qc4 39. Qg3 Qf4 40. Qd3 Qc4 41.
Qf3 Qe4 42. Qh5+ Kf8 43. Qg5 Ke8 44. f6 g6 45. Rf1 Qe2 46. Rb1 Kf7 47. h3 Qc2
48. Rb8 Qxc6 49. Qxe5 g5 50. Rh8 Qc2 51. Qxd5+ Kxf6 52. Rf8+ Kg7 53. Qg8+ Kh6
54. Rf6+ 1-0

[Event "64th ch-RUS HL w 2014"]
[Site "Vladivostok RUS"]
[Date "2014.06.05"]
[Round "2.13"]
[White "Grigorian,Mar"]
[Black "Dordzhieva,D"]
[Result "1-0"]
[WhiteElo "2114"]
[BlackElo "2237"]
[EventDate "2014.06.04"]

1. Nf3 c5 2. g3 Nf6 3. Bg2 g6 4. O-O Bg7 5. d4 cxd4 6. Nxd4 Nc6 7. c4 Qb6 8. Nb3
d6 9. Nc3 O-O 10. Be3 Qd8 11. h3 Ne5 12. Nd2 Be6 13. b3 d5 14. cxd5 Nxd5 15.
Nxd5 Bxd5 16. Ne4 e6 17. Qd2 b6 18. Bh6 f6 19. Bxg7 Kxg7 20. Rfd1 Qe7 21. Rac1
Rad8 22. Qe3 Rd7 23. Ng5 h6 24. Nf3 Nxf3+ 25. Bxf3 Rfd8 26. Bxd5 Rxd5 27. Rxd5
Rxd5 28. Rc6 e5 29. Qc3 Rd6 30. Rc8 Qf7 31. e4 Rd7 32. Qc6 h5 33. Ra8 f5 34. Qc8
Kf6 35. Qc6+ Kg7 36. Qc8 Kf6 37. Qc6+ Kg7 38. Kg2 Rc7 39. Qd6 Qe7 40. Qd5 fxe4
41. Qg8+ Kh6 42. Qh8+ Kg5 43. h4+ Kg4 44. Qh6 Kf5 45. Rf8+ Ke6 46. Qxg6+ Kd5 47.
Qg8+ Kc6 48. Re8 Qc5 49. Qg6+ Kb5 50. Qxe4 1-0

[Event "64th ch-RUS HL w 2014"]
[Site "Vladivostok RUS"]
[Date "2014.06.05"]
[Round "2.14"]
[White "Belenkaya,D"]
[Black "Chkhan,V"]
[Result "1/2-1/2"]
[WhiteElo "2235"]
[BlackElo "2050"]
[EventDate "2014.06.04"]

1. e4 d6 2. d4 Nf6 3. Nc3 g6 4. Nf3 Bg7 5. Be2 O-O 6. O-O Bg4 7. Be3 Nc6 8. d5
Bxf3 9. Bxf3 Ne5 10. Be2 c6 11. f4 Ned7 12. Bf3 Qc7 13. Re1 a6 14. Bf2 Nb6 15.
Rb1 Nfd7 16. Ne2 cxd5 17. exd5 Rac8 18. c3 Nf6 19. Qb3 Nbd7 20. Nd4 Nc5 21. Qc2
Rfe8 22. Re2 Bh6 23. Bg3 Ncd7 24. Rbe1 Nb6 25. Qb3 Kf8 26. f5 Nc4 27. Qc2 Ne5
28. Be4 Qa5 29. fxg6 hxg6 30. Qb3 Nxe4 31. Rxe4 Nd3 32. Rf1 Nc5 33. Ne6+ Kg8 34.
Nxc5 Qxc5+ 35. Bf2 Qc7 36. Bh4 Bg7 37. Ref4 Rf8 38. R4f3 Be5 39. Bg5 Kg7 40. Qd1
f6 41. Bf4 Qb6+ 42. R1f2 Rc4 43. Qd2 Rh8 44. h3 Rh5 45. Kh2 Qa5 46. Bxe5 Rxe5
47. Re2 Qc7 48. Qd3 Rh4 49. Rg3 g5 50. b3 Qc5 51. Ree3 Kf7 52. c4 Qd4 53. Qe2
Qf4 54. Qe1 g4 55. Kh1 gxh3 56. gxh3 Qh6 57. Kh2 Rf4 58. Qg1 Qh7 59. Qg2 Qf5 60.
Ref3 Ree4 61. Rg7+ Ke8 62. Rxf4 Qxf4+ 63. Rg3 Re3 64. Qg1 Rc3 65. Qg2 Rd3 66.
Qg1 Rd2+ 67. Kh1 Qe4+ 68. Rg2 Qf3 69. Kh2 Qf4+ 70. Kh1 Qf3 1/2-1/2

[Event "64th ch-RUS HL w 2014"]
[Site "Vladivostok RUS"]
[Date "2014.06.05"]
[Round "2.15"]
[White "Mikhailova,L"]
[Black "Matveeva,O"]
[Result "0-1"]
[WhiteElo "2049"]
[BlackElo "2223"]
[EventDate "2014.06.04"]

1. c4 e6 2. g3 d5 3. Bg2 Nf6 4. Nf3 Be7 5. O-O O-O 6. d3 c5 7. Bf4 Nc6 8. Nc3 b6
9. Rc1 Bb7 10. cxd5 Nxd5 11. Nxd5 exd5 12. d4 c4 13. Ne5 b5 14. Re1 Re8 15. h4
Bf6 16. e4 Bxe5 17. Bxe5 Nxe5 18. dxe5 d4 19. f4 d3 20. Qd2 Qd4+ 21. Kh2 a5 22.
b3 Rac8 23. bxc4 bxc4 24. Rc3 Ba6 25. Rec1 Rb8 26. Ra3 Rb2 27. Qxa5 Rxg2+ 28.
Kxg2 Qb2+ 29. Kh3 Qxc1 30. Qxa6 d2 31. Qc6 Qh1+ 0-1

[Event "64th ch-RUS HL w 2014"]
[Site "Vladivostok RUS"]
[Date "2014.06.05"]
[Round "2.16"]
[White "Averchenko,Ekaterina"]
[Black "Khokhlova,Daria"]
[Result "1-0"]
[WhiteElo "2199"]
[BlackElo "2020"]
[EventDate "2014.06.04"]

1. e4 c5 2. Nf3 g6 3. d4 cxd4 4. Nxd4 Nc6 5. Nc3 Bg7 6. Be3 Nf6 7. Be2 O-O 8.
O-O d6 9. h3 Bd7 10. f4 Nxd4 11. Bxd4 Bc6 12. Bf3 Qc7 13. Nd5 Nxd5 14. exd5 Bd7
15. Bxg7 Kxg7 16. Qd4+ Kg8 17. Rfe1 Rfe8 18. c3 b6 19. Kh1 Rad8 20. Rad1 Qc5 21.
Qd2 Ba4 22. b3 Bd7 23. Re4 b5 24. c4 Bf5 25. Rd4 b4 26. Be4 Bxe4 27. Rxe4 f5 28.
Re6 a5 29. Qe1 Qc7 30. Qh4 Kg7 31. Rde1 Rd7 32. Qg5 a4 33. h4 axb3 34. axb3 Kf7
35. Qh6 Rh8 36. h5 Qc8 37. Qg5 Qd8 38. R1e3 Rg8 39. Rg3 Rg7 40. hxg6+ hxg6 41.
Rxg6 Qh8+ 42. Kg1 Rxg6 43. Qxg6+ Kf8 44. Qxf5+ Ke8 45. Qg6+ Kf8 46. Qg4 Rc7 47.
Rh3 Qd4+ 48. Kh2 Ke8 49. Rh7 Kd8 50. Qf5 Ke8 51. Qf7+ 1-0

[Event "64th ch-RUS HL w 2014"]
[Site "Vladivostok RUS"]
[Date "2014.06.06"]
[Round "3.1"]
[White "Girya,O"]
[Black "Kovalevskaya,E"]
[Result "1/2-1/2"]
[WhiteElo "2479"]
[BlackElo "2427"]
[EventDate "2014.06.04"]

1. d4 Nf6 2. c4 c5 3. d5 b5 4. cxb5 a6 5. bxa6 g6 6. Nc3 Bxa6 7. g3 d6 8. Bg2
Bg7 9. Nf3 Nbd7 10. Rb1 Nb6 11. b3 Bc8 12. Nh4 h6 13. Qc2 Qd7 14. Bb2 g5 15. Nf3
Qf5 16. e4 Qg6 17. O-O O-O 18. Rbc1 Nxe4 19. Nxe4 Rxa2 20. Rb1 Rxb2 21. Rxb2
Bxb2 22. Qxb2 Qxe4 23. Nxg5 Qg6 24. Nf3 Nxd5 25. Ne5 dxe5 26. Bxd5 Rd8 27. Qxe5
Qd6 28. Qxd6 Rxd6 29. Bc4 Ba6 30. Rc1 Bxc4 31. Rxc4 Rd3 32. Rxc5 Rxb3 33. Kg2 e6
34. h4 Kg7 35. g4 Ra3 36. f3 Ra2+ 37. Kg3 Ra1 38. Rb5 Rg1+ 39. Kh2 Rf1 40. Kg2
Ra1 41. Kg3 Rg1+ 1/2-1/2

[Event "64th ch-RUS HL w 2014"]
[Site "Vladivostok RUS"]
[Date "2014.06.06"]
[Round "3.2"]
[White "Kashlinskaya,A"]
[Black "Bodnaruk,A"]
[Result "1-0"]
[WhiteElo "2419"]
[BlackElo "2434"]
[EventDate "2014.06.04"]

1. e4 d6 2. d4 Nf6 3. Nc3 g6 4. f4 Bg7 5. Nf3 O-O 6. Be2 c5 7. dxc5 Qa5 8. cxd6
Nxe4 9. dxe7 Re8 10. O-O Nxc3 11. bxc3 Qxc3 12. Rb1 Nc6 13. Kh1 Qc5 14. Rb3 Qxe7
15. Bc4 Rd8 16. Rd3 Bf5 17. Ng5 Bxd3 18. Bxf7+ Kh8 19. cxd3 Nd4 20. Qg4 Rf8 21.
Bxg6 Qe2 22. Qxe2 Nxe2 23. Nxh7 Nxc1 24. Nxf8 Nxa2 25. Ne6 a5 26. Bf7 Bh6 27. g4
Rc8 28. g5 Rc1 29. Rxc1 Nxc1 30. gxh6 Nxd3 31. Bg6 Nf2+ 32. Kg2 Ng4 33. h7 Nf6
34. Ng5 Kg7 35. Nf7 Nxh7 36. Bxh7 Kxh7 37. Nd6 a4 38. Nb5 1-0

[Event "64th ch-RUS HL w 2014"]
[Site "Vladivostok RUS"]
[Date "2014.06.06"]
[Round "3.3"]
[White "Goryachkina,A"]
[Black "Nasybullina,Alfia"]
[Result "1-0"]
[WhiteElo "2432"]
[BlackElo "2095"]
[EventDate "2014.06.04"]

1. d4 d5 2. c4 e6 3. Nf3 c6 4. Qc2 Bd6 5. g3 f5 6. Bg2 Nf6 7. O-O O-O 8. b3 Qe7
9. Ne5 Bd7 10. Nd3 Nh5 11. Nd2 Be8 12. Nf3 h6 13. Bd2 Nd7 14. a3 a5 15. c5 Bb8
16. b4 axb4 17. axb4 Rxa1 18. Rxa1 Nhf6 19. b5 e5 20. bxc6 bxc6 21. Nb4 exd4 22.
Nxc6 Qxe2 23. Nfxd4 Qc4 24. Bxd5+ 1-0

[Event "64th ch-RUS HL w 2014"]
[Site "Vladivostok RUS"]
[Date "2014.06.06"]
[Round "3.4"]
[White "Charochkina,D"]
[Black "Guseva,Marina"]
[Result "0-1"]
[WhiteElo "2377"]
[BlackElo "2367"]
[EventDate "2014.06.04"]

1. e4 c6 2. Nc3 d5 3. Nf3 Bg4 4. h3 Bxf3 5. Qxf3 e6 6. d3 Nd7 7. Qg3 g6 8. d4
Bg7 9. Bg5 Ne7 10. O-O-O h6 11. Bf4 Nf6 12. Bc7 Qd7 13. Be5 dxe4 14. Bxf6 Bxf6
15. Nxe4 Bg7 16. Nc5 Nf5 17. Qb3 Qc7 18. c3 O-O 19. g4 Nd6 20. Bg2 a5 21. a3 b5
22. Bf1 Nb7 23. Nxb7 Qxb7 24. Bd3 Qc7 25. Kb1 Rab8 26. Be4 Rfd8 27. f4 b4 28. f5
bxc3 29. Qxc3 exf5 30. gxf5 g5 31. Rhe1 Qb6 32. Re2 c5 33. h4 Rxd4 34. Rxd4 Bxd4
35. Qc1 gxh4 36. Rg2+ Kh8 37. b4 Bg7 38. Qf4 cxb4 39. a4 Re8 40. f6 Qxf6 41.
Qxf6 Bxf6 42. Bd5 h3 43. Rg3 h2 44. Rh3 Re2 45. Rxh6+ Kg7 46. Rh3 b3 0-1

[Event "64th ch-RUS HL w 2014"]
[Site "Vladivostok RUS"]
[Date "2014.06.06"]
[Round "3.5"]
[White "Tomnikova,L"]
[Black "Maltsevskaya,Aleksandra"]
[Result "1-0"]
[WhiteElo "2172"]
[BlackElo "2014"]
[EventDate "2014.06.04"]

1. e4 c5 2. Nf3 e6 3. d4 cxd4 4. Nxd4 a6 5. Nc3 Nc6 6. g3 Nf6 7. Bg2 Be7 8. O-O
O-O 9. Nxc6 bxc6 10. e5 Nd5 11. Ne4 a5 12. c4 Nb6 13. b3 a4 14. Be3 Qc7 15. Qd4
Ra6 16. Nf6+ gxf6 17. exf6 Bxf6 18. Qxf6 Qd8 19. Qd4 f5 20. Rad1 d5 21. Rfe1 Qf6
22. cxd5 Nxd5 23. Qxf6 Rxf6 24. Bd4 Rf8 25. Bxd5 cxd5 26. Rc1 Bb7 27. Rc7 Rf7
28. Rec1 axb3 29. axb3 Ba8 30. Rxf7 Kxf7 31. Rc7+ Kg6 32. Rg7+ Kh6 33. Rg8 Bb7
34. h4 f4 35. g4 Ra8 36. Rg5 1-0

[Event "64th ch-RUS HL w 2014"]
[Site "Vladivostok RUS"]
[Date "2014.06.06"]
[Round "3.6"]
[White "Khlichkova,T"]
[Black "Zaiatz,E"]
[Result "1-0"]
[WhiteElo "2249"]
[BlackElo "2408"]
[EventDate "2014.06.04"]

1. d4 d5 2. Nc3 c5 3. e4 dxe4 4. d5 Nf6 5. Bg5 Qb6 6. b3 Nbd7 7. Nge2 g6 8. Qd2
h6 9. Be3 Bg7 10. Rd1 a6 11. Ng3 Qb4 12. Be2 h5 13. O-O h4 14. a3 Qxa3 15. Ra1
Qb4 16. Ra4 Qb6 17. Ngxe4 Nxe4 18. Nxe4 f5 19. Ng5 Qd6 20. Ne6 Be5 21. f4 Bf6
22. Bb5 b6 23. Bc6 Rb8 24. c4 Kf7 25. Ra2 Nf8 26. Ng5+ Kg7 27. Nf3 Nh7 28. Qf2
Nf8 29. Bc1 e6 30. Re1 exd5 31. Bxd5 Ne6 32. Bxe6 Bxe6 33. Rd2 Qc6 34. Ne5 Bxe5
35. Rxe5 Rbd8 36. Bb2 Kf7 37. Re1 Rxd2 38. Qxd2 Rg8 39. Qc3 Bd7 40. Re5 Bc8 41.
Rd5 Qe6 42. Qd2 Qe4 43. Rd6 Be6 44. Qc3 Ke7 45. Rd1 Rf8 46. Qg7+ Rf7 47. Bf6+ 1-0

[Event "64th ch-RUS HL w 2014"]
[Site "Vladivostok RUS"]
[Date "2014.06.06"]
[Round "3.7"]
[White "Kovanova,B"]
[Black "Averchenko,Ekaterina"]
[Result "1-0"]
[WhiteElo "2406"]
[BlackElo "2199"]
[EventDate "2014.06.04"]

1. c4 f5 2. Nc3 Nf6 3. d3 g6 4. e4 d6 5. Nf3 Bg7 6. exf5 Bxf5 7. d4 O-O 8. Be2
c6 9. O-O Ne4 10. Nxe4 Bxe4 11. Ng5 Bf5 12. Bd3 Qd7 13. Bxf5 Rxf5 14. Re1 e5 15.
d5 Na6 16. Ne4 Rd8 17. Bg5 Rdf8 18. Qa4 Qc7 19. dxc6 Qxc6 20. Qxc6 bxc6 21. Be7
Rb8 22. Nxd6 Rf4 23. b3 Nc5 24. Rad1 Ne6 25. Ne4 Nd4 26. Bd6 Rbf8 27. Bxf8 Bxf8
28. Ng3 Bg7 29. Ne2 Re4 30. Nxd4 Rxe1+ 31. Rxe1 exd4 32. Re7 c5 33. Rxa7 d3 34.
Kf1 Bc3 35. Rd7 1-0

[Event "64th ch-RUS HL w 2014"]
[Site "Vladivostok RUS"]
[Date "2014.06.06"]
[Round "3.8"]
[White "Matveeva,O"]
[Black "Savina,A"]
[Result "1/2-1/2"]
[WhiteElo "2223"]
[BlackElo "2397"]
[EventDate "2014.06.04"]

1. d4 d5 2. c4 e6 3. Nc3 c6 4. e4 dxe4 5. Nxe4 Bb4+ 6. Nc3 c5 7. a3 Ba5 8. Be3
Ne7 9. Rc1 cxd4 10. Qxd4 Qxd4 11. Bxd4 Nf5 12. Nf3 Nxd4 13. Nxd4 a6 14. b4 Bd8
15. Bd3 Bd7 16. Be4 Bf6 17. Nb3 Bc6 18. Ke2 Bxc3 19. Bxc6+ Nxc6 20. Rxc3 O-O-O
21. b5 Nd4+ 22. Nxd4 Rxd4 23. bxa6 bxa6 24. Rb1 Rhd8 25. Rb6 Rd2+ 26. Ke3 Ra2
27. Rxa6 Kb7 28. Ra4 Rdd2 29. Rb3+ Kc6 30. Ra6+ Kc5 31. Ra5+ Kd6 32. Ra6+ Kc5
33. Ra5+ Kd6 34. Ra6+ Ke5 35. f4+ Kf6 36. Rc3 Rxg2 37. c5 Rxh2 38. c6 Rh3+ 39.
Kd4 Rxc3 40. Kxc3 Ke7 41. Ra7+ Kd6 42. c7 Kd7 43. c8=Q+ Kxc8 44. Rxf7 Rxa3+ 45.
Kd4 Rg3 46. Ke5 Rg6 47. Kd6 h5 48. Rf8+ Kb7 49. Rh8 Rh6 50. Rg8 Rh7 51. Kxe6 h4
52. Rd8 h3 53. Rd1 h2 54. Rh1 Kc6 55. f5 Rh5 56. f6 gxf6 57. Kxf6 Kd5 58. Kg6
Rh8 59. Kf5 Kd4 60. Kf4 Rh3 61. Kg4 Rh7 62. Kg3 Ke3 63. Rxh2 Rg7+ 64. Kh4 Rh7+ 1/2-1/2

[Event "64th ch-RUS HL w 2014"]
[Site "Vladivostok RUS"]
[Date "2014.06.06"]
[Round "3.9"]
[White "Travkina,A"]
[Black "Gritsayeva,O"]
[Result "0-1"]
[WhiteElo "2191"]
[BlackElo "2340"]
[EventDate "2014.06.04"]

1. e4 c5 2. Nf3 a6 3. c3 d5 4. exd5 Qxd5 5. d4 e6 6. Be2 cxd4 7. cxd4 Nf6 8. O-O
Nc6 9. Nc3 Qd6 10. Be3 Be7 11. Rc1 O-O 12. Bd3 Nb4 13. Bb1 Bd7 14. Ne5 Nbd5 15.
Qd3 Nb4 16. Qd2 Bc6 17. Rfd1 Nbd5 18. Nxc6 Qxc6 19. Qd3 Nxc3 20. bxc3 b5 21. Bg5
g6 22. Bxf6 Bxf6 23. Bc2 Bg5 24. Rb1 Rac8 25. Rb3 Rfd8 26. Qe2 Qc4 27. Bd3 Qa4
28. g3 Bf6 29. Be4 Qa5 30. Rd3 Rc4 31. Rf3 Bg7 32. Bb1 Qc7 33. Re3 b4 34. Rxb4
Rxc3 35. Rxc3 Qxc3 36. Rb3 Qc1+ 37. Kg2 Bxd4 38. Bd3 a5 39. Rb7 Bf6 40. Bc4 Qc3
41. Rb3 Qc1 42. Rf3 Kg7 43. Bb3 Qc6 44. Qe3 Rd4 45. a4 Rb4 46. h4 h6 47. Kh2 g5
48. hxg5 hxg5 49. Qd3 Rd4 50. Qc2 Qxf3 0-1

[Event "64th ch-RUS HL w 2014"]
[Site "Vladivostok RUS"]
[Date "2014.06.07"]
[Round "4.1"]
[White "Kashlinskaya,A"]
[Black "Goryachkina,A"]
[Result "1-0"]
[WhiteElo "2419"]
[BlackElo "2432"]
[EventDate "2014.06.04"]

1. d4 d5 2. c4 c6 3. Nc3 Nf6 4. Nf3 dxc4 5. a4 Bf5 6. e3 e6 7. Bxc4 Bb4 8. O-O
Nbd7 9. Nh4 O-O 10. h3 Nb6 11. Bb3 a5 12. Nxf5 exf5 13. Qf3 g6 14. g4 fxg4 15.
hxg4 c5 16. dxc5 Nbd7 17. Rd1 Qe7 18. g5 Nh5 19. Qg2 Nxc5 20. Nd5 Qe5 21. f4 Qg7
22. Bc4 Rad8 23. Rf1 Rd6 24. b3 Bc3 25. Ra2 Re8 26. f5 Be5 27. Ba3 Na6 28. Bxd6
Bxd6 29. fxg6 hxg6 30. Nf6+ 1-0

[Event "64th ch-RUS HL w 2014"]
[Site "Vladivostok RUS"]
[Date "2014.06.07"]
[Round "4.2"]
[White "Guseva,Marina"]
[Black "Girya,O"]
[Result "0-1"]
[WhiteElo "2367"]
[BlackElo "2479"]
[EventDate "2014.06.04"]

1. d4 d5 2. c4 c6 3. Nc3 Nf6 4. e3 a6 5. Nf3 Bf5 6. Bd3 Bxd3 7. Qxd3 e6 8. O-O
Nbd7 9. e4 dxe4 10. Nxe4 Nxe4 11. Qxe4 Be7 12. Bf4 O-O 13. Rfd1 Qa5 14. Qc2 Qh5
15. h3 Rfe8 16. c5 Qd5 17. Rd3 Qf5 18. Bg3 Rad8 19. Rad1 Nf6 20. Ne5 Rxd4 21.
Qb3 Rxd3 22. Rxd3 h5 23. Qxb7 h4 24. Bh2 Bxc5 25. Qxf7+ Kh7 26. Kh1 Ne4 27. Bg1
Qxe5 28. Qxe8 Bxf2 29. Qxc6 Ng3+ 30. Rxg3 hxg3 31. Qc2+ Qf5 32. Qe2 Bxg1 33.
Kxg1 Qb1+ 34. Qf1 Qxb2 35. Qd3+ Kg8 36. Qxg3 Qxa2 37. Qd6 Qc4 38. Kh2 Kh7 39. g4
a5 40. Qe5 Qd5 41. Qf4 Qa2+ 42. Kg3 Qb3+ 43. Kh2 Qc2+ 44. Kg3 a4 45. Qe5 Qd3+
46. Kh4 Qd5 47. Qc3 Qe4 48. Kg3 e5 49. Qa3 Qc4 50. Qe7 Qc3+ 51. Kg2 Qc6+ 52. Kg3
Qf6 53. Qa3 Qf4+ 54. Kg2 Qd2+ 55. Kf3 Qd5+ 56. Kf2 Qb3 57. Qf8 Qc2+ 58. Ke3 Qc1+
59. Ke2 Qf4 60. Qa3 Qc4+ 61. Kf2 Qc2+ 62. Kg1 Qb3 0-1

[Event "64th ch-RUS HL w 2014"]
[Site "Vladivostok RUS"]
[Date "2014.06.07"]
[Round "4.3"]
[White "Kovalevskaya,E"]
[Black "Tomnikova,L"]
[Result "1-0"]
[WhiteElo "2427"]
[BlackElo "2172"]
[EventDate "2014.06.04"]

1. Nf3 d5 2. c4 Nf6 3. cxd5 Nxd5 4. g3 Nc6 5. Bg2 e5 6. O-O Be7 7. d4 exd4 8.
Nxd4 Nxd4 9. Qxd4 Nf6 10. Qa4+ c6 11. Rd1 Qb6 12. Be3 Bc5 13. Bxc5 Qxc5 14. Nc3
O-O 15. Rd4 Be6 16. Rad1 Qb6 17. Qb4 Qxb4 18. Rxb4 Rab8 19. b3 Rfc8 20. Rbd4 Kf8
21. e4 Ke7 22. f4 g6 23. e5 Ne8 24. Ne4 c5 25. R4d2 h5 26. Ng5 Bg4 27. Bf3 Bf5
28. h3 f6 29. exf6+ Nxf6 30. Re1+ Kf8 31. Rd6 Ne8 32. Rd5 Nf6 33. Rde5 Re8 34.
Rxe8+ Rxe8 35. Rxe8+ Kxe8 36. Bxb7 a5 37. Kf2 Ke7 38. Ke3 Bb1 39. a3 Ba2 40. Ne4
Nxe4 41. Bxe4 Kf6 42. Bc2 g5 43. fxg5+ Kxg5 44. h4+ Kg4 45. Kf2 a4 46. bxa4 c4
47. Bd1+ Kh3 48. Bxh5 c3 49. Bg6 Bb3 50. a5 c2 51. Bxc2 Bxc2 52. a6 Kg4 53. a7
Be4 54. Ke3 Ba8 1-0

[Event "64th ch-RUS HL w 2014"]
[Site "Vladivostok RUS"]
[Date "2014.06.07"]
[Round "4.4"]
[White "Bodnaruk,A"]
[Black "Pustovoitova,D"]
[Result "0-1"]
[WhiteElo "2434"]
[BlackElo "2336"]
[EventDate "2014.06.04"]

1. e4 c5 2. Nf3 d6 3. d4 cxd4 4. Nxd4 Nf6 5. Nc3 a6 6. h3 e6 7. g4 h6 8. Bg2 Nc6
9. Be3 Ne5 10. Qe2 g5 11. f4 gxf4 12. Bxf4 Nfd7 13. O-O-O b5 14. Qf2 Qc7 15.
Rhf1 b4 16. Na4 Rb8 17. Kb1 Rh7 18. Nxe6 fxe6 19. Bxe5 dxe5 20. Rxd7 Kxd7 21.
Qxf8 Qd6 22. Nc5+ Kc6 23. Nd3 Qxf8 24. Rxf8 Kd6 25. Rg8 a5 26. Kc1 Ra8 27. Kd2
Bb7 28. Rxa8 Bxa8 29. Bf3 Bc6 30. Ke3 Bb5 31. Nf2 Rc7 32. Kd2 Bc4 33. b3 Bf1 34.
h4 Rc3 35. Bd1 Rg3 36. g5 hxg5 37. h5 Rg2 38. Ke1 Bb5 39. Ng4 Rg1+ 40. Kd2 Rh1
41. Nf6 Ke7 42. Ng8+ Kf8 43. Nf6 Kg7 44. Ng4 Rxh5 45. Nxe5 Rh3 46. Nf3 g4 47.
Nd4 g3 48. Bf3 Bd7 49. Ke3 e5 50. Ne2 Bb5 51. Ng1 Rh2 52. Be2 Bxe2 53. Nxe2 g2
54. Ng1 Kf6 55. Kf2 Rh8 56. Nf3 Rg8 57. Kg1 Rg4 58. Kf2 Rxe4 59. Ng1 Rg4 0-1

[Event "64th ch-RUS HL w 2014"]
[Site "Vladivostok RUS"]
[Date "2014.06.07"]
[Round "4.5"]
[White "Vasilevich,I"]
[Black "Kovanova,B"]
[Result "1/2-1/2"]
[WhiteElo "2338"]
[BlackElo "2406"]
[EventDate "2014.06.04"]

1. c4 e5 2. Nc3 Nf6 3. g3 d5 4. cxd5 Nxd5 5. Bg2 Nb6 6. e3 Nc6 7. Nge2 Bd6 8.
O-O O-O 9. f4 exf4 10. Nxf4 Bf5 11. b3 Qd7 12. d4 Rfe8 13. Rf2 Bb4 14. Nfe2 Rad8
15. a3 Bf8 16. Bd2 Bh3 17. Bh1 Ne7 18. Nf4 Bg4 19. Qf1 c6 20. h3 Bf5 21. Bg2 Bc2
22. Nd3 Ng6 23. b4 Bxd3 24. Qxd3 Ne5 25. Qf1 Nec4 26. Ne4 Nxd2 27. Rxd2 Qe6 28.
Rf2 Qg6 29. Qd3 Nd5 30. Raf1 Rd7 31. Rf5 Qh6 32. Ng5 f6 33. Bxd5+ cxd5 34. Qb5
Red8 35. h4 a6 36. Qa4 Rd6 37. Nf3 Qxe3+ 38. Rf2 Rc6 39. Kg2 Qe4 40. Rf4 Qg6 41.
b5 axb5 42. Qxb5 Rc2 43. Nd2 Qf7 44. Qb3 Rdc8 45. Rf5 R2c3 1/2-1/2

[Event "64th ch-RUS HL w 2014"]
[Site "Vladivostok RUS"]
[Date "2014.06.07"]
[Round "4.6"]
[White "Nasybullina,Alfia"]
[Black "Charochkina,D"]
[Result "0-1"]
[WhiteElo "2095"]
[BlackElo "2377"]
[EventDate "2014.06.04"]

1. e4 c5 2. Nf3 Nc6 3. Bb5 e6 4. O-O Nge7 5. Re1 Qb6 6. Bf1 d5 7. exd5 Nxd5 8.
Na3 Be7 9. Nc4 Qc7 10. d4 O-O 11. Ne3 Nf4 12. dxc5 Rd8 13. Bd2 Bxc5 14. Qc1 b6
15. Ng4 Ng6 16. a3 e5 17. Ne3 e4 18. Ng5 Qf4 19. Nh3 Bxh3 20. g3 Qd6 21. Nc4 Qe6 0-1

[Event "64th ch-RUS HL w 2014"]
[Site "Vladivostok RUS"]
[Date "2014.06.07"]
[Round "4.7"]
[White "Gritsayeva,O"]
[Black "Schepetkova,M"]
[Result "1-0"]
[WhiteElo "2340"]
[BlackElo "2294"]
[EventDate "2014.06.04"]

1. e4 c6 2. Nc3 d5 3. d4 dxe4 4. Nxe4 Bf5 5. Ng3 Bg6 6. Nh3 e6 7. Nf4 Bd6 8. Bc4
Nf6 9. Bb3 Nbd7 10. Qf3 Qc7 11. O-O O-O-O 12. c3 e5 13. Nxg6 fxg6 14. h3 exd4
15. cxd4 Nb6 16. Bg5 Be7 17. Rfe1 Nbd5 18. Rac1 Rd7 19. Re5 Rhd8 20. Nf1 h6 21.
Bh4 Ng8 22. Bg3 Qa5 23. Qg4 h5 24. Qe6 Ngf6 25. Ne3 Qd2 26. Rd1 Qxd1+ 27. Bxd1
Nc7 28. Qb3 Bd6 29. Bf3 Bxe5 30. dxe5 Nfd5 31. Nxd5 Nxd5 32. Qa3 Nc7 33. Qxa7
Ne6 34. h4 Rd4 35. Qb6 R8d7 36. Bxc6 bxc6 37. Qxc6+ Nc7 38. e6 Re7 39. Bxc7 1-0

[Event "64th ch-RUS HL w 2014"]
[Site "Vladivostok RUS"]
[Date "2014.06.07"]
[Round "4.8"]
[White "Savina,A"]
[Black "Khlichkova,T"]
[Result "1-0"]
[WhiteElo "2397"]
[BlackElo "2249"]
[EventDate "2014.06.04"]

1. Nf3 f5 2. d3 d6 3. e4 e5 4. Nc3 Nf6 5. exf5 Bxf5 6. d4 e4 7. Nh4 Be6 8. d5
Bf7 9. Bg5 Be7 10. Nf5 O-O 11. Bc4 c6 12. O-O cxd5 13. Nxe7+ Qxe7 14. Nxd5 Bxd5
15. Bxf6 gxf6 16. Bxd5+ Kh8 17. Re1 f5 18. Qd4+ Rf6 19. Bxb7 Nc6 20. Bxc6 Rg8
21. Re3 Rc8 22. Bd5 Rxc2 23. Rc3 1-0

[Event "64th ch-RUS HL w 2014"]
[Site "Vladivostok RUS"]
[Date "2014.06.07"]
[Round "4.9"]
[White "Maltsevskaya,Aleksandra"]
[Black "Matveeva,O"]
[Result "0-1"]
[WhiteElo "2014"]
[BlackElo "2223"]
[EventDate "2014.06.04"]

1. e4 e5 2. Nf3 Nc6 3. Bb5 g6 4. O-O Bg7 5. c3 a6 6. Ba4 d6 7. d4 Bd7 8. Re1 b5
9. Bb3 Nf6 10. h3 O-O 11. Nbd2 Qe7 12. Nf1 Na5 13. Bc2 Rfe8 14. Ng3 c5 15. b3
Rac8 16. Bd2 cxd4 17. cxd4 Qd8 18. Rc1 Bc6 19. Bc3 Ba8 20. Bb1 Nc6 21. Qd2 Qb6
22. Bb2 Nd7 23. d5 Ne7 24. h4 h5 25. Nh1 Nf6 26. Nh2 Kh7 27. Rxc8 Rxc8 28. Qe2
Bh6 29. Qf3 Kg7 30. Ng3 Bb7 31. Ne2 Neg8 32. Kh1 Ng4 33. Rf1 N8f6 34. Qg3 Nxh2
35. Kxh2 Ng4+ 36. Kh1 f6 37. Bc3 b4 38. Be1 a5 39. Bd3 Ba6 40. Qf3 Bb5 41. Ng3
Rc1 42. Qe2 Bxd3 43. Qxd3 Rxe1 44. Qc4 Rxf1+ 45. Nxf1 Nxf2+ 46. Kh2 Bf4+ 47. g3
Ng4+ 48. Kh3 Qg1 0-1